ऋग्वेद युवाओं के लिए / (Record no. 62615)

MARC details
000 -LEADER
fixed length control field 00791nam a22001817a 4500
005 - DATE AND TIME OF LATEST TRANSACTION
control field 2012021304184.0
020 ## - INTERNATIONAL STANDARD BOOK NUMBER
Terms of availability 200.00
International Standard Book Number
035 ## - SYSTEM CONTROL NUMBER
System control number B-198073
037 ## - SOURCE OF ACQUISITION
Source of stock number/acquisition
Stock number dpl
082 ## - DEWEY DECIMAL CLASSIFICATION NUMBER
Classification number 220.21
100 ## - MAIN ENTRY--PERSONAL NAME
Personal name सक्सेना, प्रवेश
245 1# - TITLE STATEMENT
Title ऋग्वेद युवाओं के लिए /
Statement of responsibility, etc प्रवेश सक्सेना
260 ## - PUBLICATION, DISTRIBUTION, ETC. (IMPRINT)
Place of publication, distribution, etc दिल्ली
Name of publisher, distributor, etc आर्य प्रकाशन मंडल
Date of publication, distribution, etc 2006
270 ## - ADDRESS
Address
City
Postal code
Telephone number
300 ## - PHYSICAL DESCRIPTION
Extent 208पृ.
Dimensions 22सेमी (सजिल्द)
942 ## - ADDED ENTRY ELEMENTS (KOHA)
Institution code [OBSOLETE] dpl
Item type Hindi Books
Call number prefix
Source of classification or shelving scheme Dewey Decimal Classification
Classification part 220.21
Call number suffix सक्सेना
Holdings
Withdrawn status Lost status Not for loan Collection code Home library Current library Date acquired Cost, normal purchase price Full call number Barcode Cost, replacement price Koha item type
Binding     Non-fiction Sarojini Nagar Sarojini Nagar 13/02/2012 200.00 220.21 सक्सेना B-198073 200.00 Hindi Books

© Delhi Public Library
Hit Counter
free hit counter